| 000 | 00897nam a2200277 a 4500 | ||
|---|---|---|---|
| 001 | 32478 | ||
| 003 | BD-RjUL | ||
| 005 | 20211209051836.0 | ||
| 008 | 140426s1991 ilu b 000 0 eng d | ||
| 020 | _a0934905193 (pbk.) | ||
| 035 | _a(OCoLC)ocm25705347 | ||
| 035 | _a(BD-RjUL)32567 | ||
| 040 |
_aIOU _cIOU _beng _dBD-RjUL |
||
| 041 | _aeng | ||
| 082 |
_a297 _bCHI 1991 |
||
| 100 | 1 |
_aChoudhury, G. W. _q(Golam Wahed), _d1926- _96531 |
|
| 245 | 1 | 0 |
_aIslam and the contemporary world / _cG.W. Choudhury. |
| 260 |
_aDes Plaines, IL : _bLibrary of Islam ; _aChicago : _bDistributor, Kazi Publications, _cc1991. |
||
| 300 |
_a227 p. ; _c23 cm. |
||
| 504 | _aIncludes bibliographical references (p. [223]-227). | ||
| 650 | 0 |
_aIslam. _998826 |
|
| 650 | 0 |
_aIslam and state. _998827 |
|
| 650 | 0 |
_aIslam and world politics. _998828 |
|
| 650 | 0 |
_aIslam _xHistory _y20th century. _998829 |
|
| 942 |
_2ddc _cBK |
||
| 999 |
_c32478 _d32478 |
||